00283nam a2200097Ia 4500008004100000041000800041100003400049245004800083260003500131999001900166241105s9999 xx 000 0 und d aeng aGandhalikar Rajashree9182561 aWedding Resort At Dhule Mumbai Agra Highway bFinal Year B. Arch, BNCAc2014 c360850d360850